000 00250nam a2200097Ia 4500
001 685005
005 20250826161509.0
008 250824s9999 xx 000 0 und d
245 0 _aUÇURTMA AVCISI/K.HOSSEINI/EVEREST
_cKHALED HOSSEINI
260 _bEVEREST
999 _c685005
_d685005